| 000 | 00638nam a22001697a 4500 | ||
|---|---|---|---|
| 999 |
_c59298 _d59298 |
||
| 005 | 20240321112611.0 | ||
| 008 | 230116c2022 ge ||||| |||| 00| 0 geo d | ||
| 022 | _a25874713 | ||
| 041 | _ageo | ||
| 245 |
_aეკონომიკა : _b2022. მეცნიერება, პრაქტიკა, გამოცდილება / _cრედ. რ. შენგელია. |
||
| 260 |
_aთბილისი, _c1918- |
||
| 300 |
_av. _b |
||
| 653 | _aეკონომიკა | ||
| 653 | _aპერიოდიკა | ||
| 700 |
_aშენგელია, რ. _eრედაქტორი _916671 |
||
| 942 |
_2udc _cCR |
||